Tributaȯ̂ do mercado de seguros, resseguros e previdn̊cia complementar

Detalles Bibliográficos
Autor principal: de Menezes Nogueira, Julia
Formato: eBook
Lenguaje:portugués
Publicado: San Pablo: Editora Noeses, 2016
Materias:
Acceso en línea:Acceso restringido

MARC

LEADER 00000nam a22000007a 4500
005 20210802234725.0
007 cr|||| ||||
008 210802s2016 br |||||s|||| 00||0 por d
020 |a 978-85-8310-079-9 
035 |a 34812 
040 |a vLex 
090 |c 11878  |d 11878 
100 1 |a de Menezes Nogueira, Julia 
245 1 0 |a Tributaȯ̂ do mercado de seguros, resseguros e previdn̊cia complementar  |h [Recurso electrn̤ico] /  |c Julia de Menezes Nogueira 
256 |a Servicio en ln̕ea 
260 |a San Pablo:  |b Editora Noeses,  |c 2016 
300 |a 1 recurso electrn̤ico 
500 |a A Autora traȧ as premissas metodolg̤icas do constructivismo lg̤ico-semńtico no capt̕ulo 1 e os princp̕ios relacionados ̉atividade securitr̀ia, no capt̕ulo 2. Em seguida, fez minuciosa anl̀ise dos contratos de seguro e de resseguro, considerando suas peculiaridades e os tributos correlatos (capt̕ulo 3), para, na sequn̊cia, discorrer sobre a tributaȯ̂ das seguradoras e resseguradoras, dando especial atenȯ̂ ao IRPJ, ̉CSLL, ̉Contribuiȯ̂ ao PIS e ̉COFINS (capt̕ulo 4). Quanto ̉previdn̊cia complementar, em primeiro lugar, delimita os aspectos configuradores das entidades que se dedicam a tal atuaȯ̂ e os tributos que lhe dizem respeito (capt̕ulo 5); depois, esclarece o funcionamento dos planos de previdn̊cia complementar, concluindo sobre sua tributaȯ̂ (capt̕ulo 6). 
506 1 |a Disponible solo en los productos indicados  |d vLex Global  |d vLex Global (Academic Edition, excluding Law Schools)  |d vLex Global (U.S. Academic Edition, Law Schools)  |d vLex Global (U.S. Academic Edition, excluding Law Schools)  |d vLex Global (Academic Edition, Law Schools) 
650 0 4 |a Derecho Tributario  |z Brasil 
740 0 |a vLex Libros (Servicio en ln̕ea) 
856 4 0 |u https://app.vlex.com/#/sources/34812  |z Acceso restringido 
942 |c BOOK 
999 0 |a Tax Law